Геохимия, происхождение и возраст метамагматических пород ранней сиалической коры Алданского щита: автореферат диссертации на соискание ученой степени доктора геолого-минералогических наук; спец. 25.00.09

Podrobná bibliografie
Hlavní autor: Вовна Г. М. Галина Михайловна
Korporativní autor: Российская академия наук (РАН) Дальневосточное отделение (ДВО) Дальневосточный геологический институт (ДВГИ)
Shrnutí:Защита сост. 9.06.2016 г.
Jazyk:ruština
Vydáno: Томск, [Б. и.], 2016
Témata:
Médium: MixedMaterials Kniha
KOHA link:https://koha.lib.tpu.ru/cgi-bin/koha/opac-detail.pl?biblionumber=320008

MARC

LEADER 00000nam0a2200000 4500
001 320008
005 20231102003233.0
035 |a (RuTPU)RU\TPU\book\345531 
090 |a 320008 
100 |a 20160621d2016 k y0rusy50 ca 
101 0 |a rus 
102 |a RU 
105 |a a dm 001zy 
200 1 |a Геохимия, происхождение и возраст метамагматических пород ранней сиалической коры Алданского щита  |e автореферат диссертации на соискание ученой степени доктора геолого-минералогических наук  |e спец. 25.00.09  |f Г. М. Вовна  |g Российская академия наук (РАН), Дальневосточное отделение (ДВО), Дальневосточный геологический институт (ДВГИ) 
210 |a Томск  |c [Б. и.]  |d 2016 
215 |a 50 с.  |c ил. 
300 |a Защита сост. 9.06.2016 г. 
320 |a Библиогр.: с. 48-49 (37 назв.) 
452 1 |0 (RuTPU)RU\TPU\book\344431  |t Геохимия, происхождение и возраст метамагматических пород ранней сиалической коры Алданского щита  |o автореферат диссертации на соискание ученой степени доктора геолого-минералогических наук  |o спец. 25.00.09  |f Г. М. Вовна  |g Российская академия наук (РАН), Дальневосточное отделение (ДВО), Дальневосточный геологический институт (ДВГИ)  |c Томск  |d 2016  |a Вовна, Галина Михайловна 
606 1 |a Метамагматические породы  |2 stltpush  |3 (RuTPU)RU\TPU\subj\43403  |9 62908 
610 1 |a алданский щит 
610 1 |a фундамент 
610 1 |a геологическое строение 
610 1 |a ранний архей 
610 1 |a сиалическая кора 
610 1 |a поздний архей 
610 1 |a нижний протерозой 
610 1 |a вулканиты 
610 1 |a петрогенез 
610 1 |a формирование 
610 1 |a авторефераты диссертаций 
675 |a 552.3/.4(04)  |v 3 
686 |a 25.00.09  |2 oksvnk 
700 1 |a Вовна  |b Г. М.  |g Галина Михайловна 
712 0 2 |a Российская академия наук (РАН)  |b Дальневосточное отделение (ДВО)  |b Дальневосточный геологический институт (ДВГИ)  |c (Владивосток)  |2 stltpush  |3 (RuTPU)RU\TPU\col\307 
801 1 |a RU  |b 63413507  |c 20160621 
801 2 |a RU  |b 63413507  |c 20160929  |g RCR 
942 |c BK